Caribbean Islands (difficult) - Statistics

General Stats
  • This quiz has been taken 2,417 times
  • The average score is 18 of 44
Answer Stats
Country Island Capital(s) Popul. Surf. i. km² Name of the island % Correct
(same name as island) Havana 11,149,989 104,556 Cuba
99%
(same name as island) Kingston 2,804,332 10,991 Jamaica
96%
(same name as island) Port-of-Spain 1,252,800 4,825 Trinidad
90%
U.S.A. St. Juan 3,752,789 8,959 Puerto Rico
89%
Haiti / Dominican Republic Port-au-Prince / Santo Domingo 20,271,138 76,480 Hispaniola
82%
(same name as island) Bridgetown 286,705 430 Barbados
78%
(same name as island) Roseau 72,514 746 Dominica
78%
(same name as island) St. John's 67,000 281 Antigua
76%
(same name as island) Castries 173,907 616 St. Lucia
76%
(same name as island) St. George 107,850 344 Grenada
75%
(same name as island) Basseterre 34,930 174 St. Kitts
75%
Netherlands Oranjestad 101,484 180 Aruba
73%
(same name as island) Kingstown 24,518 346 St. Vincent
73%
Netherlands Willemstad 150,563 444 Curacao
65%
France Fort-de-France 394,173 1,128 Martinique
64%
(same name as island) Scarborough 60,874 303 Tobago
62%
(same name as island) Codrington 1,500 161 Barbuda
58%
(same name as island) Charlestown 11,181 93 Nevis
56%
France Basse-Terre 403,355 1,628 Guadeloupe
54%
France / Netherlands Marigot / Philipsburg 77,741 92 St. Martin
52%
Netherlands Kralendijk 13,389 288 Bonaire
49%
United Kingdom Plymouth / Brades 4,922 102 Montserrat
41%
United Kingdom The Valley 15,423 96 Anguilla
40%
United Kingdom George Town 37,473 197 Grand Cayman
28%
U.S.A. Christiansted 50,601 213 St. Croix
23%
Venezuela Porlamar 436,900 957 Isla Margarita
15%
Bahamas Nassau 248,948 207 New Providence
14%
Bahamas Nicholl's Town 4,886 3,439 North Andros
13%
Bahamas The Bluff 2,500 1,447 South Andros
13%
Cuba Nueva Gerona 84,263 2,204 Isla de la Juventud
12%
Bahamas Freeport 51,756 1,373 Great Bahama
11%
Bahamas Governor's Harbour 7,999 518 Eleuthera
10%
Bahamas Marsh Harbour 13,000 1,681 Great Abaco
10%
Bahamas Arthur's Town 1,700 388 Cat Island
9%
Bahamas Matthew Town 911 1,544 Great Inagua
8%
Bahamas Clarence Town 3,024 448 Long Island
8%
Honduras Coxen Hole 17,425 125 Roatan
8%
Bahamas Cockburn Town 1,000 95 San Salvador
7%
Bahamas Colonel Hill 350 148 Crooked Island
6%
Bahamas Snug Corner 428 389 Acklins
5%
Bahamas Abraham's Bay 271 285 Mayaguana
5%
United Kingdom Bottle Creek 2,152 116 North Caicos
5%
United Kingdom Blue Hills 32,118 98 Providenciales
5%
United Kingdom Conch Bar 505 136 Middle Caicos
4%
No matching quizzes found
Score Distribution
Percent of People with Each Score
Percentile by Number Answered
Your Score History
You have not taken this quiz